00716nam a2200205 4500001000700000003000900007005001700016007000300033008004100036080001500077100002000092245020400112250001500316260004300331300002100374500005100395700002000446700002000466852002400486116812ES-MaACL20230906190755.0t|070301m19071913fr r ||||1| fre d a270"14..."1 aPastor, Ludwig.10aHistoire des Pares depuis la fin du Moyen Age b: ouvrage écrit d'aprés un grand nombre de documents inédits du Vatican et autres / cpar Louis Pastor ; traduit de l'allemand par Furcy Raynaud. a2è éd. aParis : bLibrairie Plon, c1907-1913. a10 t. ; c22 cm. aLos tomos VII-X, traducidos por Alfred Poizat.1 aRaynaud, Furcy.1 aPoizat, Alfred. aES-MaACLjF-7332-41